<?xml version="1.0" encoding="UTF-8"?>
<marc:record xmlns:marc="http://www.loc.gov/MARC21/slim">
   <marc:leader>00000nam a2200000 a 4500</marc:leader>
   <marc:datafield ind1="1" ind2=" " tag="100">
      <marc:subfield code="a">Faruqi, Reem</marc:subfield>
      <marc:subfield code="4">aut</marc:subfield>
      <marc:subfield code="e">Verfasser/-in</marc:subfield>
   </marc:datafield>
   <marc:datafield ind1=" " ind2=" " tag="653">
      <marc:subfield code="a">bilderbuch ab 4</marc:subfield>
   </marc:datafield>
   <marc:datafield ind1=" " ind2=" " tag="653">
      <marc:subfield code="a">kinderbuch islam</marc:subfield>
   </marc:datafield>
   <marc:datafield ind1=" " ind2=" " tag="653">
      <marc:subfield code="a">kinderbuch ramadan</marc:subfield>
   </marc:datafield>
   <marc:datafield ind1=" " ind2=" " tag="653">
      <marc:subfield code="a">kinderbuch fastenbrechen</marc:subfield>
   </marc:datafield>
   <marc:datafield ind1=" " ind2=" " tag="653">
      <marc:subfield code="a">zuckerfest</marc:subfield>
   </marc:datafield>
   <marc:datafield ind1=" " ind2=" " tag="653">
      <marc:subfield code="a">kinderbuch religion</marc:subfield>
   </marc:datafield>
   <marc:datafield ind1=" " ind2=" " tag="653">
      <marc:subfield code="a">kinderbuch weihnachten</marc:subfield>
   </marc:datafield>
   <marc:datafield ind1=" " ind2=" " tag="653">
      <marc:subfield code="a">Softcover / Kinder- und Jugendbücher/Bilderbücher/Religiöse Bilderbücher</marc:subfield>
   </marc:datafield>
   <marc:datafield ind1=" " ind2=" " tag="653">
      <marc:subfield code="a">Bilderbuch</marc:subfield>
   </marc:datafield>
   <marc:datafield ind1=" " ind2=" " tag="653">
      <marc:subfield code="a">Religiöse Bilderbücher</marc:subfield>
   </marc:datafield>
   <marc:datafield ind1="0" ind2="0" tag="245">
      <marc:subfield code="a">Das Haus ohne Lichter</marc:subfield>
   </marc:datafield>
   <marc:datafield ind1="0" ind2="0" tag="245">
      <marc:subfield code="b">ein Bilderbuch über das Ramadanfest</marc:subfield>
   </marc:datafield>
   <marc:datafield ind1="0" ind2="0" tag="245">
      <marc:subfield code="c">Faruqi, Reem</marc:subfield>
   </marc:datafield>
   <marc:datafield ind1=" " ind2="1" tag="264">
      <marc:subfield code="a">München</marc:subfield>
      <marc:subfield code="b">arsEdition</marc:subfield>
   </marc:datafield>
   <marc:datafield ind1="1" ind2=" " tag="520">
      <marc:subfield code="a">Ein wunderschönes Bilderbuch über das Fest des Fastenbrechens (Zuckerfest): Id oder Eid-al-Fitr&#xD;
In diesem herzerwärmenden Bilderbuch vermisst das Haus die Dekoration für die Winterferien ..., aber es freut sich stattdessen, zum Zuckerfest erleuchtet zu werden.&#xD;
Ein Buch für Kinder ab drei Jahren, in dem es um mehr als nur festliche Dekoration geht. Es zeigt, dass ein friedliches Zusammenleben unterschiedlicher Religionen möglich ist, fördert das Verständnis für andere Lebensweisen und macht Kindern, die scheinbar „anders“ sind, Mut.&#xD;
&#xD;
Ein Haus voller Wärme und Glück &#xD;
Alle Häuser sind festlich dekoriert und voller Lichter – nur ein einziges nicht. Traurig wartet das Haus darauf, auch endlich geschmückt zu werden und zu strahlen. Diwali, Chanukka und Weihnachten gehen vorbeikommen und gehen, doch nichts passiert.&#xD;
Als Huda und ihre Familie einziehen, schöpft das Haus neuen Mut. Vielleicht ist es jetzt endlich so weit? Wird das Haus zum Id genauso hell erleuchtet und voller Freude sein wie die Nachbarhäuser? Schnell merkt Haus aber, dass jede Familie Freude und Zusammengehörigkeit auf ihre eigene Weise feiert, egal zu welcher Jahreszeit. Und ein paar Monate später ist es dann doch endlich soweit: Diese Familie feiert ihren eigenen Feiertag, Eid-al-Fitr, das Zuckerfest. Endlich wird auch Haus leuchten und glänzen, als einziges in der Nachbarschaft! &#xD;
Ein Feiertagsklassiker: Mit Hintergrundinformationen zu den erwähnten Feiertagen wie Diwali, Chanukka, Weihnachten und Eid-al-FitrPoetisch erzählt und illustriert: Einfühlsame Worte und Bilder erwecken Haus und seine Bewohner zum Leben</marc:subfield>
   </marc:datafield>
   <marc:datafield ind1=" " ind2=" " tag="020">
      <marc:subfield code="a">9783845865782</marc:subfield>
      <marc:subfield code="9">9783845865782</marc:subfield>
   </marc:datafield>
   <marc:datafield ind1=" " ind2=" " tag="020">
      <marc:subfield code="a">3845865784</marc:subfield>
      <marc:subfield code="9">3845865784</marc:subfield>
   </marc:datafield>
   <marc:datafield ind1=" " ind2=" " tag="041">
      <marc:subfield code="a">ger</marc:subfield>
   </marc:datafield>
   <marc:datafield ind1=" " ind2=" " tag="300">
      <marc:subfield code="a">circa 40 Seiten</marc:subfield>
   </marc:datafield>
</marc:record>
